Zgadnij Państwa W Europie - Statystyki

Ogólne statystyki
  • Ten quiz został rozwiązany 58 razy
  • Średni wynik to 24 z 45
Odpowiedzi na mapie
Odpowiedzi zakodowano w zielono-czerwonej skali na mapie do tego quizu, zgodnie z poniższymi procentami.
 
Statystyki odpowiedzi
Odpowiedź % Poprawnych
Austria
70%
Albania
65%
Andora
65%
Białoruś
60%
Bośnia i Hercegowina
60%
Bułgaria
60%
Czarnogóra
60%
Czechy
60%
Belgia
55%
Chorwacja
55%
Francja
55%
Grecja
55%
Hiszpania
55%
Islandia
55%
Luksemburg
55%
Portugalia
55%
Ukraina
55%
Węgry
55%
Dania
50%
Estonia
50%
Finlandia
50%
Holandia
50%
Irlandia
50%
Liechtenstein
50%
Macedonia Północna
50%
Malta
50%
Mołdawia
50%
Monako
50%
Niemcy
50%
Norwegia
50%
Polska
50%
Serbia
50%
Słowacja
50%
Słowenia
50%
Szwajcaria
50%
Szwecja
50%
Turcja
50%
Watykan
50%
Włochy
50%
Litwa
45%
Łotwa
45%
Rosja
45%
Rumunia
45%
San Marino
45%
Wielka Brytania
45%
Nie znaleziono quizów pasujących do podanych kryteriów
Rozkład punktacji
Procent ludzi z każdym wynikiem
Percentyl według liczby udzielonych odpowiedzi
Twoja historia wyników
Nie rozwiązałeś tego quizu